Представление документа в формате MARC21

Поле Инд. ПП Название Значение
Тип записи a
Библиографический уровень m
001 Контрольный номер 409128c6-be0d-4d20-9f9e-ea6d13f718ab
005 Дата корректировки 20140703160720.9
008 Кодируемые данные 071109
020 c Цена, тираж б/ц
040 a Служба первич. каталог. НБ ТвГУ
041 a Код языка текста rus
080 a Индекс УДК 1:791.43.03(470)(043.3)
084 a Индекс другой классификации/Индекс ББК С028.13я031
a Индекс другой классификации/Индекс ББК Щ374.3(2)6в6я031
090 x Авторский знак Е48
a Полочн. индекс С028.1
100 1_ a Автор Еланская Светлана Николаевна
245 10 a Заглавие Социально-философский анализ советского кинематографа как средства конструирования социальной реальности
b Продолж. заглавия дис. ... канд. филос. наук : 09.00.01
c Ответственность Твер. гос. ун-т
260 1_ a Место издания Тверь
c Дата издания 2007
300 a Объем 214 с.
500 a Примечание На правах рукоп.
502 a Примечание о диссертации Дис.(канд.) - Твер. гос. ун-т, 2007
504 a Библиография Библиогр.: с. 203-214 и в подстроч. примеч.
583 a Действие Получение впервые 286 09.11.2007
650 a Основная рубрика Социальная философия
650 a Основная рубрика Общественное сознание
x Основная подрубрика Культурные ценности
x Основная подрубрика Массовая культура
650 a Основная рубрика Киноискусство
x Основная подрубрика История
x Основная подрубрика Социально-философский анализ
z Географическая подрубрика СССР
650 a Основная рубрика Социальная реальность в киноискустве
653 a Ключевые слова Социальная философия
a Ключевые слова Общественное сознание
a Ключевые слова Социальная реальность в киноискустве
a Ключевые слова Социальная мифология
a Ключевые слова Культурные ценности
a Ключевые слова Массовая культура
a Ключевые слова Кино в СССР
a Ключевые слова Советское кино
a Ключевые слова История кино
a Ключевые слова Социальная практика и кино
a Ключевые слова Диссертации
a Ключевые слова Труды Тверского государственного университета
710 a Организация/ юрисдикция Тверской государственный университет
852 t Порядковый номер экземпляра 1
p Инвентарный номер б/н
888 a Бесплатные
930 a Новая/Ретро диссертации
952 p 286.2007 б/ц 1 б/н
c Вид литературы Дис н
954 a Дата поступления на обработку 20071112
999 a Подразделение 2 ч.з.